Score 0/8 Timer 02:00
0 Plays Today
% Correct
Best Film Promoting International Understanding
72.7%
Henrietta Award (World Film Favorite – Female)
70.4%
Henrietta Award (World Film Favorite – Male)
66.4%
New Star of the Year – Actor
66.3%
Best English-Language Foreign Film
64.6%
New Star of the Year – Actress
64.2%
Best Documentary Film
41.7%
Best Cinematography
35.3%
Remove Ads.
Support Sporcle.
Get the best of Sporcle when you Go Orange. This ad-free experience offers more features, more stats, and more fun while also helping to support Sporcle. Thank you for becoming a member.

You're not logged in!

Compare scores with friends on all Sporcle quizzes.
OR
Log In

Sporcle TV

Today on Sporcle TV


Watch our educational content, quiz creation guides, and fun videos on Sporcle TV.

Show Comments

Extras

Top Quizzes Today


Score Distribution

Paid Content

Your Account Isn't Verified!

In order to create a playlist on Sporcle, you need to verify the email address you used during registration. Go to your Sporcle Settings to finish the process.

Report this User

Report this user for behavior that violates our Community Guidelines.

Details: